书目信息 |
| 题名: |
回忆列宁
|
|
| 作者: | ;南京大学外语学系翻 | |
| 分册: | 第三卷 | |
| 出版信息: | 北京 人民出版社 1982.08 |
|
| 页数: | 597页 | |
| 开本: | 20cm | |
| 丛书名: | ||
| 单 册: | ||
| 中图分类: | A732 | |
| 科图分类: | ||
| 主题词: | 列宁--生平事迹 , 列宁--传记 | |
| 电子资源: | ||
| ISBN: | ||
| 000 | 00616nam0 2200205 45 | |
| 001 | 0181023686 | |
| 005 | 20060813095704.67 | |
| 010 | @dCNY1.90 | |
| 091 | @a11001.479 | |
| 100 | @a20810111d km y0chiy0120 ea | |
| 101 | 0 | @achi@crus |
| 200 | 1 | @AHUI YI LIE NING@FNan Jing Da Xue Wai Yu Xue Xi Fan Yi@a回忆列宁@h第三卷@f南京大学外语学系翻译 |
| 210 | @a北京@c人民出版社@d1982.08 | |
| 215 | @a597页@d20cm | |
| 606 | 0 | @a列宁@x生平事迹 |
| 606 | 0 | @a列宁@x传记 |
| 690 | @aA732@v3 | |
| 711 | 02 | @a南京大学外语学系翻@ANan Jing Da Xue Wai Yu Xue Xi Fan |
| 801 | @aCN@bTSTC@c20060813 | |
| 905 | @dA732@e14:3@f3@b104596-598 | |
| 回忆列宁.第三卷/南京大学外语学系翻译.-北京:人民出版社,1982.08 |
| 597页;20cm |
| ISBN :CNY1.90 |
| ● |
| 相关链接 |
|
|
|
|
正题名:回忆列宁
索取号:A732/14:3
 
预约/预借
| 序号 | 登录号 | 条形码 | 馆藏地/架位号 | 状态 | 备注 |
| 1 | 0104596 | 001860454 | 密集书库/ [索取号:A732/14:3] | 在馆 | |
| 2 | 0104597 | 001860490 | 密集书库/ [索取号:A732/14:3] | 在馆 | |
| 3 | 0104598 | 001860533 | 密集书库/ [索取号:A732/14:3] | 在馆 | |
| 4 | 0104599 | 000954015 | 第一样本阅览室/ [索取号:A732/14:3] | 在馆 | |
| 5 | 0104600 | 001662445 | 密集书库/ [索取号:A732/14:3] | 在馆 | |
| 6 | 0448934 | 204489348 | 密集书库/ [索取号:A732/14:3] | 在馆 | |
| 7 | 0448935 | 204489357 | 密集书库/ [索取号:A732/14:3] | 在馆 | |
| 8 | 0459212 | 204592128 | 密集书库/ [索取号:A732/14:3] | 在馆 | |
| 9 | 0459213 | 204592137 | 密集书库/ [索取号:A732/14:3] | 在馆 |